000 00274nam a22001337a 4500
008 170923b xxu||||| |||| 00| 0 eng d
020 _a9780071823869
041 _aeng
080 _a37
100 _a46
101 _aEDU
245 _aTASC
_cZAHLER, K.A
942 _2udc
_cBK
999 _c29329
_d29329